[Event "Biel ATO op 54th"]
[Site "Biel"]
[Date "2021.07.28"]
[Round "3"]
[White "Stoecklin, Carlo"]
[Black "Briand, Amaury"]
[Result "1/2-1/2"]
[WhiteElo "1841"]
[BlackElo "2014"]
[PlyCount "43"]
[EventDate "2021.07.26"]
[EventType "swiss"]
[EventRounds "9"]
[EventCountry "SUI"]
[SourceTitle "EXT 2022"]
[Source "ChessBase"]
[SourceDate "2021.10.06"]
[SourceVersion "1"]
[SourceVersionDate "2021.10.06"]
[SourceQuality "1"]

1. e4 e5 2. Bc4 Nf6 3. d3 Nc6 4. Nf3 h6 5. 0-0 d6 6. c3 g5 7. Nbd2 Bg7 8. h3 0-0 9. Bb5 g4 10. hxg4 Bxg4 11. Nc4 a6 12. Bxc6 bxc6 13. Ne3 Qd7 14. Nxg4 Nxg4 15. Nh4 h5 16. Nf5 Qe6 17. Qf3 Rae8 18. Qg3 Qg6 19. f3 Nf6 20. Bg5 Nh7 21. Bh4 Qxg3 22. Bxg3 1/2-1/2

[Event "C'Chartres Blitz op April"]
[Site "Europe Echecs INT"]
[Date "2021.04.10"]
[Round "9"]
[White "Shchekachev, Andrei"]
[Black "Briand, Amaury"]
[Result "1-0"]
[WhiteElo "2515"]
[BlackElo "2014"]
[PlyCount "71"]
[EventDate "2021.04.10"]
[EventType "swiss (blitz)"]
[EventRounds "11"]
[EventCountry "FRA"]
[SourceTitle "CBM 201 Extra"]
[Source "ChessBase"]
[SourceDate "2021.05.31"]
[SourceVersion "1"]
[SourceVersionDate "2021.05.31"]
[SourceQuality "1"]

1. Nf3 d5 2. e3 Nf6 3. c4 c6 4. Qc2 g6 5. d4 Bf5 6. Bd3 Bxd3 7. Qxd3 Bg7 8. 0-0 0-0 9. Nc3 e6 10. b3 Nbd7 11. Rd1 Rc8 12. a4 a5 13. Ba3 Re8 14. Rab1 Nb8 15. b4 axb4 16. Bxb4 Na6 17. Ba3 Qc7 18. h3 dxc4 19. Qxc4 Nd5 20. Ne4 Red8 21. Rdc1 Ra8 22. Qb3 b6 23. Qc4 Nb8 24. Ra1 Ra5 25. Bb2 Qa7 26. Ne5 b5 27. axb5 cxb5 28. Qb3 b4 29. Nd3 Bf8 30. Nec5 Qb6 31. Rxa5 Qxa5 32. Nb7 Qb6 33. Nxd8 Qxd8 34. e4 Nb6 35. Nxb4 Qxd4 36. Bxd4 1-0

[Event "Cappelle Online Blitz op"]
[Site "Europe Echecs INT"]
[Date "2021.03.07"]
[Round "2"]
[White "Kirk, Ezra"]
[Black "Briand, Amaury"]
[Result "1-0"]
[WhiteElo "2447"]
[BlackElo "2014"]
[PlyCount "79"]
[EventDate "2021.03.07"]
[EventType "swiss (blitz)"]
[EventRounds "11"]
[EventCountry "FRA"]
[SourceTitle "CBM 201 Extra"]
[Source "ChessBase"]
[SourceDate "2021.05.31"]
[SourceVersion "1"]
[SourceVersionDate "2021.05.31"]
[SourceQuality "1"]

1. d4 d5 2. c4 dxc4 3. e3 e5 4. Bxc4 exd4 5. exd4 Nf6 6. Nf3 Be7 7. 0-0 0-0 8. Nc3 Nbd7 9. Re1 Nb6 10. Bd3 Bg4 11. h3 Bxf3 12. Qxf3 Qxd4 13. Rxe7 Nbd5 14. Nxd5 Nxd5 15. Rd7 c6 16. Bg5 Qxb2 17. Rb1 Qe5 18. Qf5 Qxf5 19. Bxf5 b6 20. Rc1 h6 21. Bh4 g5 22. Bg3 Nf6 23. Rd6 Nh5 24. Rcxc6 Nxg3 25. fxg3 h5 26. Rd7 Kg7 27. Rg6+ Kh8 28. Rxg5 Rae8 29. Rxh5+ Kg7 30. Bc2 Re2 31. Bb3 Kg6 32. g4 Re1+ 33. Kh2 f6 34. h4 f5 35. Rg5+ Kh6 36. gxf5 Re4 37. g3 Re2+ 38. Kh3 a5 39. Rg6+ Kh5 40. g4# 1-0

[Event "FRA-ch U18/14 Online"]
[Site "Europe Echecs INT"]
[Date "2020.07.11"]
[Round "2"]
[White "Joly, Julien"]
[Black "Briand, Amaury"]
[Result "1/2-1/2"]
[WhiteElo "2188"]
[BlackElo "1929"]
[PlyCount "103"]
[EventDate "2020.07.11"]
[EventType "swiss (blitz)"]
[EventRounds "9"]
[EventCountry "FRA"]
[SourceTitle "EXT 2021"]
[Source "ChessBase"]
[SourceDate "2020.10.23"]
[SourceVersion "1"]
[SourceVersionDate "2020.10.23"]
[SourceQuality "1"]

1. Nf3 Nf6 2. c4 c6 3. g3 d5 4. cxd5 cxd5 5. Bg2 Bf5 6. 0-0 h6 7. d3 e6 8. Nc3 Be7 9. Re1 0-0 10. Nd4 Bg6 11. e4 Nc6 12. Nxc6 bxc6 13. Qa4 Qd7 14. Bf4 Rfd8 15. Rac1 Ne8 16. b4 Nd6 17. Bxd6 Qxd6 18. b5 d4 19. Ne2 cxb5 20. Qxb5 Rab8 21. Qa4 Qb6 22. h4 e5 23. Bh3 Bb4 24. Rf1 Bh5 25. f3 Qa5 26. Qc2 Bg6 27. f4 f6 28. Be6+ Kh7 29. fxe5 fxe5 30. Bf5 Rb6 31. Kh2 Rf6 32. Bxg6+ Rxg6 33. Rf5 Re8 34. Rcf1 Qb6 35. Ng1 Bc3 36. Nh3 Qd6 37. Qe2 Rb8 38. R1f2 Rb2 39. Qf3 Rxf2+ 40. Nxf2 Qa3 41. Qe2 Qc1 42. Rxe5 Be1 43. Nh3 Bxg3+ 44. Kg2 Bxe5+ 45. Kf3 Rg3+ 46. Kf2 Qh1 47. Ng5+ hxg5 48. Qh5+ Kg8 49. Qe8+ Kh7 50. Qh5+ Kg8 51. Qe8+ Kh7 52. Qh5+ 1/2-1/2

[Event "Rochefort op-A 19th"]
[Site "Rochefort"]
[Date "2020.02.22"]
[Round "2"]
[White "Ivanov, Mikhail M"]
[Black "Briand, Amaury"]
[Result "1-0"]
[WhiteElo "2353"]
[BlackElo "1896"]
[PlyCount "43"]
[EventDate "2020.02.22"]
[EventType "swiss"]
[EventRounds "9"]
[EventCountry "FRA"]
[SourceTitle "CBM 195 Extra"]
[Source "ChessBase"]
[SourceDate "2020.05.31"]
[SourceVersion "1"]
[SourceVersionDate "2020.05.31"]
[SourceQuality "1"]

1. Nf3 Nf6 2. g3 d5 3. Bg2 c6 4. 0-0 Bf5 5. d3 h6 6. Nc3 e6 7. Nd2 Bg6 8. e4 d4 9. Ne2 c5 10. Nf4 Nc6 11. Nxg6 fxg6 12. e5 Nd7 13. f4 h5 14. Be4 Rh6 15. Nf3 Be7 16. c3 Nb6 17. cxd4 cxd4 18. Ng5 Qd7 19. Bxg6+ Kf8 20. Bxh5 g6 21. Bg4 Nd8 22. Nxe6+ 1-0

[Event "Sables d'Olonne op 6th"]
[Site "Sables d'Olonne"]
[Date "2019.07.16"]
[Round "5"]
[White "Briand, Amaury"]
[Black "Eugene, Floryan"]
[Result "0-1"]
[WhiteElo "1896"]
[BlackElo "2300"]
[PlyCount "62"]
[EventDate "2019.07.13"]
[EventType "swiss"]
[EventRounds "9"]
[EventCountry "FRA"]
[SourceTitle "EXT 2020"]
[Source "ChessBase"]
[SourceDate "2019.10.17"]
[SourceVersion "1"]
[SourceVersionDate "2019.10.17"]
[SourceQuality "1"]

1. e4 e5 2. Nf3 Nc6 3. Bc4 Bc5 4. c3 Nf6 5. d4 exd4 6. e5 d5 7. Bb5 Ne4 8. cxd4 Bb6 9. Nc3 0-0 10. Be3 Bg4 11. h3 Bh5 12. Qc2 Bg6 13. Qb3 Ne7 14. 0-0 c6 15. Bd3 Nd2 16. Nxd2 Bxd3 17. Rfe1 Bg6 18. Na4 Ba5 19. Qxb7 Bc2 20. b3 Nf5 21. e6 Qc8 22. exf7+ Rxf7 23. Qxc8+ Rxc8 24. g4 Bxd2 25. Bxd2 Nxd4 26. Kg2 Nf3 27. Re2 Be4 28. Bc3 Ng5+ 29. Kh2 Rf3 30. Kg2 Rxc3+ 31. Rxe4 Nxe4 0-1